Physiotherapy in paediatric practice / (Record no. 7592)

MARC details
000 -LEADER
fixed length control field 00912nam a2200289 i 4500
001 - CONTROL NUMBER
control field 3649053
003 - CONTROL NUMBER IDENTIFIER
control field OSt
005 - DATE AND TIME OF LATEST TRANSACTION
control field 20220112115302.0
008 - FIXED-LENGTH DATA ELEMENTS--GENERAL INFORMATION
fixed length control field 760209s1975 enka b 001 0 eng b
010 ## - LIBRARY OF CONGRESS CONTROL NUMBER
LC control number 75596110
015 ## - NATIONAL BIBLIOGRAPHY NUMBER
National bibliography number GB***
020 ## - INTERNATIONAL STANDARD BOOK NUMBER
International Standard Book Number 0407000178
040 ## - CATALOGING SOURCE
Original cataloging agency DLC
Transcribing agency DLC
Modifying agency DLC
050 10 - LIBRARY OF CONGRESS CALL NUMBER
Classification number RJ53.P5
Item number S36
082 00 - DEWEY DECIMAL CLASSIFICATION NUMBER
Classification number WB 460
Item number S84p 1975
100 1# - MAIN ENTRY--PERSONAL NAME
Personal name Scrutton, David.
9 (RLIN) 15519
245 10 - TITLE STATEMENT
Title Physiotherapy in paediatric practice /
Statement of responsibility, etc. David Scrutton, Moyna Gilbertson.
260 ## - PUBLICATION, DISTRIBUTION, ETC. (IMPRINT)
Place of publication, distribution, etc. London ;
-- Boston :
Name of publisher, distributor, etc. Butterworths,
Date of publication, distribution, etc. 1975.
300 ## - PHYSICAL DESCRIPTION
Extent xiii, 205 p. :
Other physical details ill. ;
Dimensions 22 cm.
500 ## - GENERAL NOTE
General note Includes index.
504 ## - BIBLIOGRAPHY, ETC. NOTE
Bibliography, etc Bibliography: p. 188-195.
650 #0 - SUBJECT ADDED ENTRY--TOPICAL TERM
Topical term or geographic name as entry element Physical therapy for children.
9 (RLIN) 10778
650 #2 - SUBJECT ADDED ENTRY--TOPICAL TERM
Topical term or geographic name as entry element Physical therapy
General subdivision In infancy and childhood.
9 (RLIN) 15520
700 1# - ADDED ENTRY--PERSONAL NAME
Personal name Gilbertson, Moyna,
Relator term joint author.
9 (RLIN) 15521
906 ## - LOCAL DATA ELEMENT F, LDF (RLIN)
a 7
b cbc
c orignew
d 3
e ncip
f 19
g y-gencatlg
942 ## - ADDED ENTRY ELEMENTS (KOHA)
Source of classification or shelving scheme Other/Generic Classification Scheme
Koha item type Open Shelf
Holdings
Withdrawn status Lost status Source of classification or shelving scheme Damaged status Not for loan Home library Current library Date acquired Source of acquisition Inventory number Total Checkouts Full call number Barcode Date last seen Date last checked out Price effective from Koha item type
    Other/Generic Classification Scheme     MUST Main Library MUST Main Library 12/01/2022 Donation 3320 1 WB 460 S84p 1975 2022-0013 28/01/2022 12/01/2022 12/01/2022 Open Shelf